000 00981nam a2200325 a 4500
001 000115507
003 CHAP
005 20220329144537.0
008 190530s2018 mx |r| ||||||spa d
010 _a111968
011 _a112940
020 _a9786071655691
040 _cCHAP
082 0 4 _a321.8
_bK24
100 1 _aKeane, John.
_9135814
245 1 0 _aVida y muerte de la democracia /
_cpor John Keane.
260 _aCiudad de México :
_bFondo de Cultura Económica
_bInstituto Nacional Electoral,
_c2018.
300 _axiv, 898 p.
490 _aPolítica y derecho
534 _pThe Life and Death of Democracy
590 _aBATCH-UPD
_b05
_c20190530
_lUCH01
_h1211
590 _aE5765TAJ
_b05
_c20190530
_lUCH01
_h1210
590 _aE5765TAJ
_b05
_c20190530
_lUCH01
_h1213
650 1 4 _aDemocracia
_xHistoria.
_9135815
650 1 4 _aPolítica y gobierno
_xHistoria.
_9135816
830 0 _aPolítica y derecho
_990715
901 _aBK
942 _cLIBRO
942 _n0
999 _c111968
_d111968